[Event "Hessen-ch Seniors op 07th"]
[Site "Bad Sooden-Allendorf"]
[Date "2011.05.06"]
[Round "7"]
[White "Wilfert, Eva Maria"]
[Black "Juckschat, Paul"]
[Result "1/2-1/2"]
[WhiteElo "1471"]
[BlackElo "1669"]
[PlyCount "42"]
[EventDate "2011.04.30"]
[EventType "swiss"]
[EventRounds "9"]
[EventCountry "GER"]
[SourceTitle "EXT 2012"]
[Source "ChessBase"]
[SourceDate "2011.11.24"]
[SourceVersion "1"]
[SourceVersionDate "2011.11.24"]
[SourceQuality "1"]

1. d4 d5 2. Nf3 c6 3. b3 Bf5 4. Bb2 e6 5. e3 Bd6 6. g3 Nf6 7. Bg2 h6 8. Nbd2 Nbd7 9. 0-0 0-0 10. c4 Qe7 11. c5 Bc7 12. Rc1 a5 13. Re1 Ne4 14. Nh4 Nxd2 15. Nxf5 exf5 16. Qxd2 Nf6 17. f3 Rfe8 18. Qd3 g6 19. Rc2 f4 20. gxf4 Bxf4 21. Rce2 Bg5 1/2-1/2

[Event "Hessen-ch Seniors op 07th"]
[Site "Bad Sooden-Allendorf"]
[Date "2011.05.05"]
[Round "6"]
[White "Juckschat, Paul"]
[Black "Dinius, Helmut"]
[Result "1/2-1/2"]
[WhiteElo "1669"]
[BlackElo "1519"]
[PlyCount "66"]
[EventDate "2011.04.30"]
[EventType "swiss"]
[EventRounds "9"]
[EventCountry "GER"]
[SourceTitle "EXT 2012"]
[Source "ChessBase"]
[SourceDate "2011.11.24"]
[SourceVersion "1"]
[SourceVersionDate "2011.11.24"]
[SourceQuality "1"]

1. d4 d5 2. c4 c6 3. Nf3 Bf5 4. cxd5 Qxd5 5. Nc3 Qd8 6. e4 Bg6 7. Be3 e6 8. Bd3 Bd6 9. Rc1 Nd7 10. 0-0 Ne7 11. a3 0-0 12. e5 Bc7 13. Bxg6 Nxg6 14. b4 Nb6 15. b5 cxb5 16. Nxb5 Nd5 17. Nxc7 Nxc7 18. Qb3 b6 19. Rfd1 Nd5 20. Nd2 Qd7 21. Ne4 Nge7 22. Bd2 Rac8 23. Nd6 Rxc1 24. Rxc1 Rd8 25. Qc4 Rb8 26. g3 Rd8 27. h4 h6 28. a4 Rb8 29. Kg2 Kf8 30. Qb3 Kg8 31. Qc2 Rf8 32. Qb3 Rb8 33. a5 b5 1/2-1/2

[Event "Hessen-ch Seniors op 07th"]
[Site "Bad Sooden-Allendorf"]
[Date "2011.05.04"]
[Round "5"]
[White "Just, Joachim"]
[Black "Juckschat, Paul"]
[Result "1-0"]
[WhiteElo "1898"]
[BlackElo "1669"]
[PlyCount "85"]
[EventDate "2011.04.30"]
[EventType "swiss"]
[EventRounds "9"]
[EventCountry "GER"]
[SourceTitle "EXT 2012"]
[Source "ChessBase"]
[SourceDate "2011.11.24"]
[SourceVersion "1"]
[SourceVersionDate "2011.11.24"]
[SourceQuality "1"]

1. g3 d5 2. f4 Bf5 3. Nf3 e6 4. Bg2 Be7 5. 0-0 c6 6. c3 h5 7. Qb3 Qb6+ 8. d4 Nd7 9. Nbd2 Qxb3 10. axb3 a6 11. b4 h4 12. Ne5 Ngf6 13. Re1 hxg3 14. hxg3 Nxe5 15. fxe5 Nh5 16. Nf1 g5 17. e4 dxe4 18. Bxe4 Ng7 19. Bg2 0-0-0 20. Ne3 Bh3 21. Be4 Bf5 22. Bg2 Bh3 23. Bd2 Nf5 24. Rf1 Nxe3 25. Bxe3 Bf5 26. Kf2 Rh2 27. Rh1 Rdh8 28. Rxh2 Rxh2 29. Kg1 Rh7 30. Rf1 Kc7 31. Rf2 b6 32. b3 Rh8 33. Bf1 Ra8 34. Ra2 Kb7 35. Be2 Bb1 36. Rb2 Be4 37. Bh5 a5 38. Rf2 axb4 39. Rxf7 Ra1+ 40. Kf2 Ra2+ 41. Ke1 bxc3 42. Rxe7+ Ka6 43. Be2+ 1-0

[Event "Mecklenburg VP-ch Seniors op 09th"]
[Site "Binz"]
[Date "2009.12.09"]
[Round "9.27"]
[White "Kirmas, Joachim"]
[Black "Juckschat, Paul"]
[Result "1-0"]
[WhiteElo "1956"]
[BlackElo "1712"]
[PlyCount "57"]
[EventDate "2009.12.01"]
[EventType "swiss"]
[EventRounds "9"]
[EventCountry "GER"]
[SourceTitle "EXT 2022"]
[Source "ChessBase"]
[SourceDate "2021.10.06"]
[SourceVersion "1"]
[SourceVersionDate "2021.10.06"]
[SourceQuality "1"]

1. e4 d5 2. exd5 Qxd5 3. Nc3 Qd6 4. d4 Nf6 5. Nf3 a6 6. g3 Bg4 7. Bg2 Nc6 8. 0-0 0-0-0 9. Be3 e6 10. a3 Nd5 11. Nxd5 exd5 12. Qd2 f6 13. b4 Na7 14. Rfc1 Be6 15. Ne1 g5 16. Nd3 b6 17. a4 Kb8 18. Qe2 Bc8 19. c4 dxc4 20. Rxc4 Bb7 21. Bxb7 Kxb7 22. Rac1 Rd7 23. a5 Be7 24. axb6 cxb6 25. Qf3+ Kb8 26. Ra1 Qd5 27. Qxd5 Rxd5 28. Rxa6 Kb7 29. Rxa7+ 1-0

[Event "Hamburg-ch Seniors op 16th"]
[Site "Hamburg"]
[Date "2009.11.05"]
[Round "6"]
[White "Krotofil, Kurt"]
[Black "Juckschat, Paul"]
[Result "1-0"]
[WhiteElo "1830"]
[BlackElo "1724"]
[PlyCount "49"]
[EventDate "2009.10.31"]
[EventType "swiss"]
[EventRounds "9"]
[EventCountry "GER"]
[SourceTitle "EXT 2022"]
[Source "ChessBase"]
[SourceDate "2021.10.06"]
[SourceVersion "1"]
[SourceVersionDate "2021.10.06"]
[SourceQuality "1"]

1. d4 d5 2. c4 e6 3. Nc3 c6 4. Nf3 Nf6 5. e3 Nbd7 6. Bd3 Bd6 7. 0-0 0-0 8. e4 dxc4 9. Bxc4 e5 10. Bg5 h6 11. Bh4 Qe7 12. Re1 b5 13. Bd3 Re8 14. d5 g5 15. Nxg5 hxg5 16. Bxg5 b4 17. dxc6 bxc3 18. cxd7 Bxd7 19. Re3 Kh7 20. bxc3 Rg8 21. Rg3 Rg6 22. Be2 Qf8 23. Bh5 Nxh5 24. Qxh5+ Kg8 25. Bf6 1-0

[Event "Hamburg-ch Seniors op 16th"]
[Site "Hamburg"]
[Date "2009.11.01"]
[Round "2"]
[White "Weiss, Siegfried"]
[Black "Juckschat, Paul"]
[Result "1-0"]
[WhiteElo "2015"]
[BlackElo "1724"]
[PlyCount "61"]
[EventDate "2009.10.31"]
[EventType "swiss"]
[EventRounds "9"]
[EventCountry "GER"]
[SourceTitle "EXT 2022"]
[Source "ChessBase"]
[SourceDate "2021.10.06"]
[SourceVersion "1"]
[SourceVersionDate "2021.10.06"]
[SourceQuality "1"]

1. e3 e5 2. c4 Nf6 3. Nc3 d5 4. cxd5 Nxd5 5. Nf3 Nxc3 6. bxc3 Bd6 7. e4 0-0 8. Be2 b6 9. 0-0 Bb7 10. d3 h6 11. Nd2 Nd7 12. Nc4 Be7 13. Qc2 c5 14. Ne3 Re8 15. Nf5 Bf8 16. Be3 Nf6 17. c4 Bc8 18. Bf3 Qc7 19. h3 Kh7 20. a4 Bd7 21. Bd2 Bc6 22. Ne3 Rab8 23. Bc3 Nd7 24. Bg4 Qd6 25. f4 Qg6 26. g3 Kg8 27. Kh2 Bd6 28. Bxd7 Bxd7 29. Rf3 Qh5 30. g4 Bxg4 31. Nxg4 1-0

[Event "Bad Bevensen Seniors op 12th"]
[Site "Bad Bevensen"]
[Date "2009.07.11"]
[Round "5"]
[White "Juckschat, Paul"]
[Black "Hoellger, Herbert"]
[Result "0-1"]
[WhiteElo "1752"]
[BlackElo "1900"]
[PlyCount "88"]
[EventDate "2009.07.07"]
[EventType "swiss"]
[EventRounds "9"]
[EventCountry "GER"]
[SourceTitle "EXT 2022"]
[Source "ChessBase"]
[SourceDate "2021.10.06"]
[SourceVersion "1"]
[SourceVersionDate "2021.10.06"]
[SourceQuality "1"]

1. d4 Nf6 2. Nf3 b6 3. Bf4 Nh5 4. Be3 Bb7 5. Nbd2 g6 6. g3 Bg7 7. c3 d6 8. Bg2 Nd7 9. 0-0 0-0 10. Nb3 Nhf6 11. Qc1 Re8 12. Rd1 a5 13. a4 Qc8 14. c4 c5 15. d5 Ng4 16. Bf4 Qd8 17. h3 Nge5 18. Nbd2 Ba6 19. Ra2 Bc8 20. b3 Nxf3+ 21. Nxf3 Nf6 22. Nd2 h6 23. e4 Nd7 24. Nf1 Kh7 25. Bd2 Ne5 26. Bc3 f6 27. f4 Nf7 28. Re2 Ra7 29. Qb2 e5 30. dxe6 Bxe6 31. Ne3 Bh8 32. Nd5 Bxd5 33. Rxd5 Qe7 34. g4 Rd7 35. Red2 Rdd8 36. Bf3 Rd7 37. Re2 Nd8 38. e5 fxe5 39. fxe5 Qh4 40. Kg2 Ne6 41. Qd2 Rf7 42. Re4 Ng5 43. Rf4 Qxh3+ 44. Kf2 Qh2+ 0-1

[Event "Bad Bevensen Seniors op 12th"]
[Site "Bad Bevensen"]
[Date "2009.07.10"]
[Round "4"]
[White "Hunold, Rolf"]
[Black "Juckschat, Paul"]
[Result "1-0"]
[WhiteElo "1977"]
[BlackElo "1752"]
[PlyCount "71"]
[EventDate "2009.07.07"]
[EventType "swiss"]
[EventRounds "9"]
[EventCountry "GER"]
[SourceTitle "EXT 2022"]
[Source "ChessBase"]
[SourceDate "2021.10.06"]
[SourceVersion "1"]
[SourceVersionDate "2021.10.06"]
[SourceQuality "1"]

1. e4 e5 2. Nf3 Nc6 3. d4 exd4 4. Bc4 Nf6 5. e5 d5 6. Bb5 Ne4 7. Nxd4 Bd7 8. Bxc6 bxc6 9. 0-0 Be7 10. f3 Nc5 11. Be3 0-0 12. Nd2 Ne6 13. N2b3 Re8 14. f4 Nxd4 15. Bxd4 Qc8 16. Qd2 Bf5 17. Qc3 Qa6 18. Rf2 Rab8 19. Qe3 Rb7 20. Bc5 Bxc5 21. Nxc5 Qb6 22. c3 Reb8 23. Qd4 a5 24. a3 Qb5 25. b4 g6 26. h3 a4 27. g4 Bc8 28. Rd1 Ra8 29. Kg2 Be6 30. f5 Bc8 31. Qe3 gxf5 32. gxf5 Kh8 33. Kh2 Qc4 34. Rf4 Qb5 35. e6 fxe6 36. Qe5+ 1-0

[Event "Hessen-ch Seniors op 04th"]
[Site "Bad Sooden-Allendorf"]
[Date "2008.04.27"]
[Round "4"]
[White "Juckschat, Paul"]
[Black "Johannsen, Ingbert"]
[Result "0-1"]
[WhiteElo "1731"]
[BlackElo "1926"]
[PlyCount "52"]
[EventDate "2008.04.24"]
[EventType "swiss"]
[EventRounds "9"]
[EventCountry "GER"]
[SourceTitle "EXT 2022"]
[Source "ChessBase"]
[SourceDate "2021.10.06"]
[SourceVersion "1"]
[SourceVersionDate "2021.10.06"]
[SourceQuality "1"]

1. d4 e6 2. c4 Nf6 3. Nf3 Be7 4. Nc3 d5 5. Bg5 0-0 6. e3 Nbd7 7. Rc1 c6 8. cxd5 exd5 9. Bd3 Re8 10. 0-0 Nf8 11. Bxf6 Bxf6 12. h3 h5 13. b4 a6 14. Nh2 g6 15. Na4 Qd6 16. Qb3 Bd8 17. Qc3 Bc7 18. Nf3 g5 19. Qc5 Qh6 20. Nb6 Bxb6 21. Qxb6 g4 22. hxg4 hxg4 23. Ne1 g3 24. fxg3 Qxe3+ 25. Kh2 Qh6+ 26. Kg1 Qxc1 0-1

[Event "Hessen-ch Seniors op 04th"]
[Site "Bad Sooden-Allendorf"]
[Date "2008.04.26"]
[Round "3"]
[White "Siegmund, Rainer"]
[Black "Juckschat, Paul"]
[Result "1/2-1/2"]
[WhiteElo "1975"]
[BlackElo "1731"]
[PlyCount "42"]
[EventDate "2008.04.24"]
[EventType "swiss"]
[EventRounds "9"]
[EventCountry "GER"]
[SourceTitle "EXT 2022"]
[Source "ChessBase"]
[SourceDate "2021.10.06"]
[SourceVersion "1"]
[SourceVersionDate "2021.10.06"]
[SourceQuality "1"]

1. d4 d5 2. c4 e6 3. Nc3 c6 4. Nf3 Nf6 5. Bg5 h6 6. Bh4 dxc4 7. e4 g5 8. Bg3 b5 9. Be2 b4 10. Na4 Nxe4 11. Be5 Rg8 12. Bxc4 Nd7 13. Bd3 Nef6 14. 0-0 g4 15. Bxf6 Qxf6 16. Ne5 Nxe5 17. dxe5 Qxe5 18. Re1 Qc7 19. Qc2 Rg5 20. Rac1 Bd7 21. Be4 Rc8 1/2-1/2

[Event "Niedersachsen-ch Seniors op 10th"]
[Site "Bad Bevensen"]
[Date "2007.07.07"]
[Round "5"]
[White "Juckschat, Paul"]
[Black "Bachmann, Friedrich"]
[Result "1-0"]
[WhiteElo "1748"]
[BlackElo "1447"]
[PlyCount "95"]
[EventDate "2007.07.03"]
[EventType "swiss"]
[EventRounds "9"]
[EventCountry "GER"]
[SourceTitle "EXT 2022"]
[Source "ChessBase"]
[SourceDate "2021.10.06"]
[SourceVersion "1"]
[SourceVersionDate "2021.10.06"]
[SourceQuality "1"]

1. d4 d5 2. c4 e6 3. Nf3 Nf6 4. Bg5 Be7 5. e3 h6 6. Bh4 Nc6 7. Nc3 Nd7 8. Bxe7 Nxe7 9. cxd5 Nxd5 10. Rc1 c6 11. Bd3 0-0 12. 0-0 Qe7 13. Nxd5 exd5 14. a3 Nf6 15. Qc2 Ne4 16. Ne5 Bf5 17. f3 Qg5 18. fxe4 Qxe3+ 19. Qf2 Qxf2+ 20. Rxf2 Bxe4 21. Bxe4 dxe4 22. Re1 f6 23. Nc4 Rfe8 24. Rfe2 f5 25. Nd6 Rf8 26. Nxb7 Rf6 27. b4 Rb8 28. Nc5 Rd8 29. Rd1 h5 30. h4 Kf7 31. Kh2 Rg6 32. Rf2 Rf6 33. g3 g6 34. Rfd2 Rd5 35. Kg2 Kg7 36. Kf2 Kh6 37. Ke3 g5 38. Rh1 Rg6 39. Rdh2 gxh4 40. Rxh4 Rxg3+ 41. Ke2 Rg5 42. Ne6 Rg8 43. Rxh5+ Kg6 44. Nf4+ Kf6 45. Nxd5+ cxd5 46. Rh6+ Kg5 47. Rg1+ Kxh6 48. Rxg8 1-0

[Event "Niedersachsen-ch Seniors op 10th"]
[Site "Bad Bevensen"]
[Date "2007.07.06"]
[Round "4"]
[White "Marunde, Uwe"]
[Black "Juckschat, Paul"]
[Result "0-1"]
[WhiteElo "1129"]
[BlackElo "1748"]
[PlyCount "63"]
[EventDate "2007.07.03"]
[EventType "swiss"]
[EventRounds "9"]
[EventCountry "GER"]
[SourceTitle "EXT 2022"]
[Source "ChessBase"]
[SourceDate "2021.10.06"]
[SourceVersion "1"]
[SourceVersionDate "2021.10.06"]
[SourceQuality "1"]

1. e4 d5 2. exd5 Qxd5 3. Nc3 Qa5 4. d3 c6 5. Bd2 Qb6 6. b3 Nf6 7. h3 e5 8. Be3 Qa5 9. Bd2 Qc7 10. Qe2 Be7 11. 0-0-0 0-0 12. Ne4 a5 13. Nxf6+ Bxf6 14. Qe4 a4 15. bxa4 Nd7 16. a5 Be7 17. Re1 b6 18. d4 f5 19. Qd3 e4 20. Qb3+ Kh8 21. axb6 Nxb6 22. g3 Ra3 23. Qb1 Be6 24. c4 Rfa8 25. Re3 Rxa2 26. Bc3 Rxf2 27. Ne2 Nxc4 28. Rxe4 fxe4 29. Qxe4 Bd5 30. Qd3 Bxh1 31. Qxc4 Rxf1+ 32. Kd2 0-1

[Event "Hessen-ch Seniors op 03rd"]
[Site "Bad Sooden-Allendorf"]
[Date "2007.05.05"]
[Round "8"]
[White "Juckschat, Paul"]
[Black "Claus, Juergen"]
[Result "1-0"]
[WhiteElo "1805"]
[BlackElo "1890"]
[PlyCount "51"]
[EventDate "2007.04.27"]
[EventType "swiss"]
[EventRounds "9"]
[EventCountry "GER"]
[SourceTitle "EXT 2022"]
[Source "ChessBase"]
[SourceDate "2021.10.06"]
[SourceVersion "1"]
[SourceVersionDate "2021.10.06"]
[SourceQuality "1"]

1. d4 Nf6 2. c4 g6 3. Nc3 d5 4. cxd5 Nxd5 5. Bd2 Bg7 6. e4 Nxc3 7. Bxc3 0-0 8. Be2 c6 9. Nf3 Nd7 10. 0-0 Nf6 11. Nd2 a5 12. a4 Bd7 13. Qb3 Qc7 14. e5 Be6 15. Bc4 Bxc4 16. Qxc4 Nd5 17. Rfe1 Qd7 18. Ne4 b6 19. Qd3 Nf4 20. Qf3 Ne6 21. Rad1 Qd5 22. Nd2 Rfd8 23. Qxd5 cxd5 24. Nb1 Rdc8 25. Na3 Rc4 26. Nxc4 1-0

[Event "Hamburg-ch Seniors op 13th"]
[Site "Hamburg"]
[Date "2006.11.03"]
[Round "9"]
[White "Juckschat, Paul"]
[Black "Graffenberger, Marianne"]
[Result "1-0"]
[WhiteElo "1785"]
[BlackElo "1266"]
[PlyCount "83"]
[EventDate "2006.10.27"]
[EventType "swiss"]
[EventRounds "9"]
[EventCountry "GER"]
[SourceTitle "EXT 2022"]
[Source "ChessBase"]
[SourceDate "2021.10.06"]
[SourceVersion "1"]
[SourceVersionDate "2021.10.06"]
[SourceQuality "1"]

1. d4 d5 2. c4 c6 3. Nf3 Nf6 4. Nc3 g6 5. Bf4 Bg7 6. e3 Bf5 7. Qb3 Qb6 8. Qxb6 axb6 9. Bxb8 Rxb8 10. Na4 Nd7 11. cxd5 0-0 12. Nc3 Nf6 13. dxc6 bxc6 14. Nd2 Rfd8 15. Be2 Ne8 16. Rc1 e5 17. dxe5 Bxe5 18. Nf3 Bg7 19. 0-0 Nd6 20. Rfd1 Ne4 21. Nxe4 Bxe4 22. b3 Bb2 23. Rxd8+ Rxd8 24. Rd1 Ra8 25. a4 Bc2 26. Rd2 Bxb3 27. Rxb2 Bxa4 28. Rxb6 Bb5 29. Bxb5 cxb5 30. g3 Ra1+ 31. Kg2 Rb1 32. h4 h6 33. g4 b4 34. g5 h5 35. Rb8+ Kg7 36. Rb7 Kf8 37. Ne5 Ke8 38. Nxf7 b3 39. Ne5 Kd8 40. Nxg6 Kc8 41. Rb4 b2 42. Ne5 1-0

[Event "Hamburg-ch Seniors op 13th"]
[Site "Hamburg"]
[Date "2006.11.03"]
[Round "8"]
[White "Keuneke, Hanno"]
[Black "Juckschat, Paul"]
[Result "1-0"]
[WhiteElo "1738"]
[BlackElo "1785"]
[PlyCount "81"]
[EventDate "2006.10.27"]
[EventType "swiss"]
[EventRounds "9"]
[EventCountry "GER"]
[SourceTitle "EXT 2022"]
[Source "ChessBase"]
[SourceDate "2021.10.06"]
[SourceVersion "1"]
[SourceVersionDate "2021.10.06"]
[SourceQuality "1"]

1. e4 d5 2. exd5 Qxd5 3. Nc3 Qa5 4. d4 c6 5. Nf3 Nf6 6. Ne5 Bf5 7. Bc4 e6 8. Qe2 Bd6 9. Bd2 Qc7 10. 0-0-0 Bxe5 11. dxe5 Nd5 12. g4 Bg6 13. h4 h5 14. f4 hxg4 15. Rdg1 Bf5 16. Ne4 g6 17. Nd6+ Kf8 18. Qf2 b5 19. Be2 Qb6 20. Qxb6 axb6 21. a3 b4 22. Bxg4 bxa3 23. bxa3 Rxa3 24. Kb2 Ra4 25. Bxf5 gxf5 26. Ra1 Rxa1 27. Rxa1 Nc7 28. Be1 Rg8 29. Bf2 c5 30. Ra7 Nca6 31. Rb7 Rg2 32. Be1 Re2 33. Bc3 Re3 34. Nc4 Rxc3 35. Kxc3 b5 36. Ne3 Kg7 37. Kd2 Kg6 38. Ng2 Kh5 39. Ke2 Kg4 40. Ra7 b4 41. Kd3 1-0

[Event "Hamburg-ch Seniors op 13th"]
[Site "Hamburg"]
[Date "2006.10.29"]
[Round "3"]
[White "Juckschat, Paul"]
[Black "Krischer, Ulrich"]
[Result "1-0"]
[WhiteElo "1785"]
[BlackElo "1648"]
[PlyCount "73"]
[EventDate "2006.10.27"]
[EventType "swiss"]
[EventRounds "9"]
[EventCountry "GER"]
[SourceTitle "EXT 2022"]
[Source "ChessBase"]
[SourceDate "2021.10.06"]
[SourceVersion "1"]
[SourceVersionDate "2021.10.06"]
[SourceQuality "1"]

1. d4 d5 2. c4 c6 3. Nf3 Nf6 4. Nc3 e6 5. cxd5 cxd5 6. Bf4 Nc6 7. e3 Bd6 8. Bxd6 Qxd6 9. Bd3 0-0 10. 0-0 a6 11. Rc1 b5 12. h3 Bb7 13. Bb1 Rfd8 14. Qe2 Rab8 15. Rfd1 Ne7 16. Ne5 Nd7 17. f4 Nf6 18. Ng4 Nxg4 19. hxg4 f5 20. Kf2 Rf8 21. Rh1 Ng6 22. g5 Nxf4 23. Qf3 Ng6 24. Qh5 Kf7 25. g4 fxg4 26. Kg2 Rh8 27. Rcf1+ Ke7 28. Bxg6 hxg6 29. Qxg6 Rxh1 30. Qxg7+ Ke8 31. Rxh1 Qe7 32. Rh8+ Kd7 33. Qxe7+ Kxe7 34. Rxb8 Bc6 35. Kg3 Kd6 36. g6 e5 37. g7 1-0